| 000 | 01081nam a2200301 a 4500 | ||
|---|---|---|---|
| 001 | 1331 | ||
| 003 | BR-CuiBMT | ||
| 005 | 20231214192610.0 | ||
| 008 | 231205s2017 spb 000 0 por d | ||
| 020 | _a9788595270060 | ||
| 040 |
_aBR-CuiBMT _cBR-CuiBMT |
||
| 080 |
_22007 _a344.3:347.963 |
||
| 090 |
_a344.3:347.963 _bC236 |
||
| 111 | 1 |
_aCurso de Ingresso e Vitaliciamento para promotores de Justiça Militar _cBrasília |
|
| 245 | 1 |
_aCapacitar : _bcurso de ingresso e vitaliciamento para promotores de Justiça Militar / _c[organização] Alexandre Reis de Carvalho ; [Colaboradores] Cícero Robson Coimbra Neves ...[et al.] |
|
| 260 |
_aBrasília : _bESMUP, _c2017. |
||
| 300 |
_a174 p.: _c22 cm |
||
| 490 |
_aCapacitar _vv. 3 |
||
| 504 | _aInclui bibliografia. | ||
| 610 |
_aBrasil _bMinistério Público Militar |
||
| 650 |
_aJustiça militar _zBrasil |
||
| 650 |
_aPolícia judiciária _zBrasil |
||
| 650 | _aSistema penal | ||
| 650 |
_aMinistério público militar _zBrasil |
||
| 700 |
_4org. _aCarvalho, Alexandre Reis de |
||
| 830 | _aCapacitar | ||
| 942 |
_2udc _cLV |
||
| 999 |
_c1331 _d1331 |
||